| 000 | 00976nam a22002057a 4500 | ||
|---|---|---|---|
| 003 | OSt | ||
| 005 | 20260410114316.0 | ||
| 008 | 260410b |||||||| |||| 00| 0 eng d | ||
| 020 | _a0399151796 | ||
| 082 | _20399151796 | ||
| 100 | _a Sally Jenkins. | ||
| 245 |
_aFUNNY CIDE _bHow a Horse, a Trainer, a Jockey, and a Bunch of High School Buddies Took on the Sheiks and Blue Bloods—and Won. |
||
| 250 | _a1 | ||
| 260 |
_aE.E.U.U _bG.P. Putnam's Sons. _c2004 |
||
| 300 |
_a279 pág _c 16X24 |
||
| 490 | _3Tapa dura | ||
| 520 | _aEl libro narra la historia real de Funny Cide, un caballo de carreras castrado de Nueva York que se convirtió en una sensación nacional al ganar el Derby de Kentucky y el Preakness Stakes en 2003. La obra destaca cómo un grupo improbable de amigos de la secundaria, junto con un entrenador y un jockey, lograron vencer a los dueños de caballos más ricos y poderosos del mundo de la hípica. | ||
| 700 | _aFUNNY CIDE | ||
| 942 |
_2ddc _cBKA _n0 |
||
| 999 |
_c2064 _d2064 |
||